<?xml version="1.0" encoding="UTF-8"?>
<record
    xmlns:xsi="http://www.w3.org/2001/XMLSchema-instance"
    xsi:schemaLocation="http://www.loc.gov/MARC21/slim http://www.loc.gov/standards/marcxml/schema/MARC21slim.xsd"
    xmlns="http://www.loc.gov/MARC21/slim">

  <leader>00392nam a22001457a 4500</leader>
  <controlfield tag="005">20200610094624.0</controlfield>
  <controlfield tag="008">200610b        xxu||||| |||| 00| 0 eng d</controlfield>
  <datafield tag="082" ind1=" " ind2=" ">
    <subfield code="a">345.4, AIR</subfield>
  </datafield>
  <datafield tag="110" ind1=" " ind2=" ">
    <subfield code="a">ALL INDIA REPORTER</subfield>
    <subfield code="9">5886</subfield>
  </datafield>
  <datafield tag="245" ind1=" " ind2=" ">
    <subfield code="a">ALL INDIA REPORTER, 2010 (VOL-97) ALLAHABAD SECTION.</subfield>
  </datafield>
  <datafield tag="260" ind1=" " ind2=" ">
    <subfield code="a">MUMBAI</subfield>
    <subfield code="b">ALL INDIA REPORTER,PVT LTD.</subfield>
  </datafield>
  <datafield tag="300" ind1=" " ind2=" ">
    <subfield code="a">192;p</subfield>
  </datafield>
  <datafield tag="650" ind1=" " ind2=" ">
    <subfield code="a">LAW</subfield>
    <subfield code="9">5701</subfield>
  </datafield>
  <datafield tag="942" ind1=" " ind2=" ">
    <subfield code="c">JRL</subfield>
  </datafield>
  <datafield tag="999" ind1=" " ind2=" ">
    <subfield code="c">6948</subfield>
    <subfield code="d">6946</subfield>
  </datafield>
  <datafield tag="952" ind1=" " ind2=" ">
    <subfield code="0">0</subfield>
    <subfield code="1">0</subfield>
    <subfield code="4">0</subfield>
    <subfield code="7">0</subfield>
    <subfield code="8">LAW</subfield>
    <subfield code="a">JRU</subfield>
    <subfield code="b">JRU</subfield>
    <subfield code="c">SHELF-40-B</subfield>
    <subfield code="d">2020-06-22</subfield>
    <subfield code="e">PURCHESS</subfield>
    <subfield code="l">0</subfield>
    <subfield code="o">345.4, AIR</subfield>
    <subfield code="p">24521</subfield>
    <subfield code="r">2020-06-10 00:00:00</subfield>
    <subfield code="w">2020-06-22</subfield>
    <subfield code="y">JRL</subfield>
  </datafield>
</record>
